000 00405nam a2200145 i 4500
001 bg
245 0 _aArchitektura, budownictwo :
_bwybór tekstów technicznych /
_coprac. Zdzisław Kierzkowski.
260 _aŁódź,
_c1979.
700 1 _aKierzkowski, Zdzisław.
_eOprac.
040 _cBPK
041 _apol
080 _a802.0:72+69](075.8)
942 _cKS
008 s pl f |000 0 pol
999 _c18394
_d18394
856 _uhttp://koha.tu.koszalin.pl/cgi-bin/koha/opac-detail.pl?biblionumber=18394
_yKatalog online BPK